📖 150 premiers mots "La Loba" Clarissa Pinkola Estés - Statistiques

Statistiques générales
  • Ce quiz a Ă©tĂ© pris 2 fois
  • Le rĂ©sultat moyen est 116 sur 150
Statistiques - réponses
Mots % Correct
Ă 
100%
au ...
100%
aurait
100%
aussi
100%
autres.
100%
avec
100%
bien
100%
chose
100%
Comme
100%
connu
100%
contes
100%
d'
100%
dans
100%
de
100%
des
100%
dit
100%
du
100%
elle
100%
elle.
100%
Elle
100%
El Paso.
100%
en
100%
endroit
100%
est
100%
Est,
100%
et
100%
Europe
100%
fées
100%
femme,
100%
grand-
100%
humains.
100%
Il
100%
Indiens
100%
l'
100%
la
100%
le
100%
les
100%
mais
100%
Monte Alban,
100%
Morelia,
100%
On
100%
ont
100%
ou
100%
par
100%
personnes
100%
peu
100%
Phoenix,
100%
plus
100%
qu'
100%
que
100%
quelque
100%
qui
100%
route
100%
s'
100%
se
100%
sud,
100%
sur
100%
Tarahumara.
100%
toujours
100%
tous
100%
un
100%
une
100%
vers
100%
vieille
100%
vit
100%
vu.
100%
vue
100%
animaux
50%
arrière
50%
cris
50%
dehors
50%
délabrée,
50%
exprime
50%
grosse
50%
jusqu'
50%
près
50%
quĂŞte
50%
souvent
50%
territoire
50%
vitre
50%
voiture
50%
accompagnerait
0%
attendre
0%
caché,
0%
camionneurs
0%
caquette
0%
Certains
0%
circonspecte,
0%
compagnie
0%
complètement
0%
croasse
0%
descendre
0%
diront
0%
enterrée
0%
érodées
0%
errantes
0%
foncent
0%
fuit
0%
granit
0%
parviennent
0%
pentes
0%
perdues,
0%
puits.
0%
rabattue.
0%
semble
0%
tiendrait
0%
velue,
0%
Aucun quiz correspondant
Distribution des résultats
% des personnes avec chaque résultat
Percentile par nombre de réponses
Votre historique - résultats
Vous n’avez pas pris ce quiz